Vytěžte z dat maximum!

Zvýšenie úžitkovej hodnoty informácií pre banky, poisťovne a finančné inštitúcie. Rýchle umiestnenie produktov na trh vedie k vytváraniu nových produktových systémov. Riešenie spočíva v nahradení všetkých systémov integrovaním do jedného systému. Komplexná správa dát Master Data Management (MDM). Pr...

Ausführliche Beschreibung

Gespeichert in:
Bibliographische Detailangaben
1. Verfasser: Tobíšek, Roman
Format: Buchkapitel
Sprache:Tschechisch
Schlagworte:
Tags: Tag hinzufügen
Keine Tags, Fügen Sie das erste Tag hinzu!

MARC

LEADER 00000naa$a2200000$$$4500
001 0110442
005 20231129093317.2
041 0 |a cze 
044 |a CZ 
245 1 0 |a Vytěžte z dat maximum!  |c Roman Tobíšek 
520 |a Zvýšenie úžitkovej hodnoty informácií pre banky, poisťovne a finančné inštitúcie. Rýchle umiestnenie produktov na trh vedie k vytváraniu nových produktových systémov. Riešenie spočíva v nahradení všetkých systémov integrovaním do jedného systému. Komplexná správa dát Master Data Management (MDM). Prínosy MDM v praxi. 
610 2 0 |a banky 
610 2 0 |a poisťovne 
610 2 0 |a spoločnosti finančné 
610 2 0 |a technológie informačné 
610 2 0 |a systémy počítačové 
610 2 0 |a moduly 
610 2 0 |a organizácia dát 
100 1 |a Tobíšek, Roman